Proyecto UCR, historia e Identidad
Gorde:
| Egile nagusia: | |
|---|---|
| Formatua: | Liburua |
| Hizkuntza: | Spanish |
| Argitaratua: |
San Ramón, Alajuela?,
1994.
|
| Gaiak: | |
| Etiketak: |
Etiketa erantsi
Etiketarik gabe, Izan zaitez lehena erregistro honi etiketa jartzen!
|
MARC
| LEADER | 00000nam a22000007a 4500 | ||
|---|---|---|---|
| 008 | 150702s14 cr ao|||r|||| 000 0 spa d | ||
| 040 | |a CIICLA | ||
| 082 | |a 306.4 |b F676p | ||
| 100 | 1 | |a Fonseca Zamora, Oscar M. | |
| 245 | 1 | 0 | |a Proyecto UCR, historia e Identidad |
| 246 | 1 | 0 | |a Historia e identidad |
| 246 | 1 | 0 | |a Proyecto muralístico Palmares, historia e identidad |
| 260 | |a San Ramón, Alajuela?, |c 1994. | ||
| 300 | |a 8 hojas, 11 láminas | ||
| 651 | 1 | 4 | |a PALMARES (ALAJUELA, COSTA RICA) |
| 942 | |2 ddc |c BK | ||
| 999 | |c 4348 |d 4348 | ||
